000 00606nam a2200169Ia 4500
003 GCL
008 140319s9999 xx 000 0 ara d
040 _aGCL /
_cGCL
082 0 4 _aط
_b004
_bم أ
100 1 _aمحمد السعيد خشبة
245 1 0 _aاساسيات الكمبيوتر /
_cمحمد السعيد خشبة
260 _a[S.N] :
_bلجنة الاعلام والدراسات المستقبلية ،
_c1988
300 _a79 ص ؛
_c24 سم
490 _aالكمبيوتر للتلاميذ والمبتدئين
_v1
650 0 4 _aالحاسبات الالكترونية
942 _2ddc
_cBK
999 _c31022
_d31022